000 00640nam a2200241Ia 4500
003 OSt
005 20221007104654.0
006 a|||||r|||| 00| 0
007 ta
008 221006b |||||||| |||| 00| 0 hin d
024 _a16,510
037 _cTextual
040 _aLCO
_cLCO
_bhin
041 _2hin
_ahin
082 _aZ2,5q, N8
100 _aTandon M.P.
_9349121
245 0 _aBhartiya Dhand Sanhita
260 _aAllahabad
_bAllahabad Law Agency Publication India
_c1998
300 _a368
650 _aBHARTIYA DHAND SANHITA
_9706240
942 _hZ2,5q, N8
_cTEXL
999 _c1186073
_d1186073